Statistics for Original Elements of the Periodic Table Quiz - Hard

Click here to take the quiz!

General Stats

  • This quiz has been taken 19 times
    (12 since last reset)
  • The average score is 40 of 62

Answer Stats

Year DiscoveredSymbolElement% Correct
Ancient Times - Prior to 1 A.D.AuGold
100%
Ancient Times - Prior to 1 A.D.CuCopper
90%
Ancient Times - Prior to 1 A.D.AgSilver
90%
Ancient Times - Prior to 1 A.D.CCarbon
80%
1766HHydrogen
80%
Ancient Times - Prior to 1 A.D.FeIron
80%
1751NiNickel
80%
1774OOxygen
80%
1746ZnZinc
80%
1825AlAluminium
70%
1808BaBarium
70%
1797BeBeryllium
70%
1817CdCadmium
70%
1808CaCalcium
70%
1860CsCesium
70%
1774ClChlorine
70%
1803IrIridium
70%
Ancient Times - Prior to 1 A.D.PbLead
70%
1817LiLithium
70%
1755MgMagnesium
70%
1774MnManganese
70%
1772NNitrogen
70%
1735PtPlatinum
70%
1807KPotassium
70%
1817SeSelenium
70%
1807NaSodium
70%
Ancient Times - Prior to 1 A.D.SSulfur
70%
Ancient Times - Prior to 1 A.D.SnTin
70%
1791TiTitanium
70%
1789UUranium
70%
1801VVanadium
70%
1250AsArsenic
60%
1753BiBismuth
60%
1808BBoron
60%
1826BrBromine
60%
1797CrChromium
60%
1735CoCobalt
60%
1863InIndium
60%
1811IIodine
60%
Ancient Times - Prior to 1 A.D.HgMercury
60%
1801NbNiobium
60%
1803OsOsmium
60%
1669PPhosphorus
60%
1803RhRhodium
60%
1861RbRubidium
60%
1861TlThallium
60%
1783WTungsten
60%
1600SbAntimony
50%
1803CeCerium
50%
1843ErErbium
50%
1778MoMolybdenum
50%
1803PdPalladium
50%
1844RuRuthenium
50%
1824SiSilicon
50%
1782TeTellurium
50%
1794YYttrium
50%
1789ZrZirconium
50%
1839LaLanthanum
40%
1790SrStrontium
40%
1802TaTantalum
40%
1843TbTerbium
40%
1828ThThorium
40%

Score Distribution

Percentile by Number Answered

Percent of People with Each Score

Your Score History

You have not taken this quiz since the last reset